000 00403cam a2200169ua 4500
020 _c2.00
041 _aeng
_h
082 _a320.58
_bPRA/TH
100 _aPrabhu, R.K .
245 0 0 _aThis was Bappu /
_cR.K.Prabhu.
_hTextual Documents
260 _aAhmadabad :
_bNavajivan publishing house ,
_c1959.
300 _a167 ; .
365 _a2.00
504 _a
942 _cBK
999 _c927
_d927